Cumul des lettres du jeu Alcool A-Z - Statistiques

Statistiques générales
  • Ce quiz a été pris 24 fois
  • Le résultat moyen est 4 sur 18
Statistiques - réponses
Nombre Lettre % Correct
45 E
100%
36 A
74%
31 R
32%
30 I
26%
24 O
16%
11 D / P
11%
4 F / J / Q / V / Z
11%
13 H
11%
7 K / Y
11%
17 L / S / N
11%
12 M
11%
14 S
11%
19 T
11%
22 U
11%
16 C
5%
6 G / X
5%
8 B
0%
3 W
0%
Aucun quiz correspondant
Distribution des résultats
% des personnes avec chaque résultat
Percentile par nombre de réponses
Votre historique - résultats
Vous n’avez pas pris ce quiz